000 00728nam a2200241 i 4500
001 7323
003 ES-MaACL
005 20230906145217.0
007 t|
008 901120s1990 sp ||||1| spa d
020 _a84-206-2626-0
080 _a111
100 1 _aHeimsoeth, Heinz.
_962366
245 1 4 _aLos seis grandes temas de la metafisica occidental /
_cHeinz Heimsoeth ; version española de Jose Gaos.
260 _aMadrid :
_bAlianza Editorial,
_c1990.
300 _a248 p. ;
_c20 cm.
490 1 _aAlianza universidad ;
_v626
650 4 _aMetafísica-
_xHistoria.
_9177852
700 1 _aGaos, José.
_953902
830 1 _aAlianza universidad ;
_v626
_9177276
852 _aES-MaACL
_jL-14571
999 _c7323
_d7323